000 00564nam a2200217Ia 4500
003 OSt
005 20220630152635.0
008 210210b2006 xxu||||| |||| 00| 0 eng d
020 _a81 8054 239 4
040 _cAL
041 _aeng
082 _a658 ADHE
100 _aADHIKARY (M)
_946342
245 _aEconomic environment of business: theory and the Indian case
250 _a10 Rev
260 _aNew Delhi
_bSultan Chand & Sons
_c2006
300 _axi,768
690 _aEconomic Environment of Business
_946343
906 _a061478
942 _2ddc
_cBK
999 _c108468
_d108468